Normal view
MARC view
- Miller,Raymond W.
Entry Personal Name
001 - CONTROL NUMBER
- control field: 6966
003 - CONTROL NUMBER IDENTIFIER
- control field: NUST
005 - DATE AND TIME OF LATEST TRANSACTION
- control field: 20171206100104.0
008 - FIXED-LENGTH DATA ELEMENTS
- fixed length control field: 171206|| aca||aabn | a|a d
040 ## - CATALOGING SOURCE
- Original cataloging agency: NUST
- Transcribing agency: NUST
100 ## - HEADING--PERSONAL NAME
- Personal name: Miller,Raymond W.
670 ## - SOURCE DATA FOUND
- Source citation: Work cat.: (NUST): Miller,Raymond W., Soils in Over Environment, 1997.
